| 000 | 01463cam a2200289 a 4500 | ||
|---|---|---|---|
| 001 | 2997057 | ||
| 005 | 20070827152301.0 | ||
| 008 | 930701s1994 njua 001 0 eng | ||
| 010 | _a 93026157 | ||
| 020 | _a0132499541 | ||
| 040 |
_aDLC _cDLC _dDLC |
||
| 050 | 0 | 0 |
_aTK7878 _b.B45 1994 |
| 082 | 0 | 0 |
_a621.381548 _220 _bBEL |
| 100 | 1 |
_aBell, David A., _d1930- _99721 |
|
| 245 | 1 | 0 |
_aElectronic Instrumentation and Measurements _cDavid A. Bell. |
| 250 | _a2nd ed. | ||
| 260 |
_aEnglewood Cliffs, N.J. : _bRegents/Prentice Hall, _cc1997. |
||
| 300 |
_axi, 451 p. : _bill. ; _c24 cm. |
||
| 500 | _aIncludes index. | ||
| 650 | 0 |
_aElectronic measurements. _99722 |
|
| 650 | 0 |
_aElectronic instruments. _99723 |
|
| 942 |
_2ddc _cBB |
||
| 999 |
_c13001 _d13001 |
||